00747nam a2200157 a 450000100100000000500170001000800410002702000150006804000250008310000360010824501170014426000740026130000570033550001430039271000540053500004119520201002034710.0130925s1990 sp ac 000 0 spa d a8400070909 aDO-SdBNPbspacBNPHU1 aCalvo i Calvo, Lluís, (1957-)10aCatáleg de materials etnográfics de L' Arxiu d' Etnografia i Folklore de Catalunya /cLluís Calvo i Calvo. aBarcelona :bConsell Superior d'Investigacions Científiques,c1990. a262 p., [28] p. de làm. ; :bil., retrs. ;c27 cm. aEls materials inclosos al catàleg formen part actualment del fons documental de la Institució Milà i Fontanals del CSIC de Barcelona2 aConsell Superior d'Investigacions Científiques,